[Event "15th London Classic Open"]
[Site "London ENG"]
[Date "2025.11.30"]
[Round "6.17"]
[White "Kanyamarala, Tarun"]
[Black "Czopor, Maciej"]
[Result "1/2-1/2"]
[WhiteTitle "IM"]
[BlackTitle "IM"]
[WhiteElo "2376"]
[BlackElo "2463"]
[WhiteFideId "45004714"]
[BlackFideId "21805431"]
[EventDate "2025.11.27"]

1. d4 Nf6 2. c4 e6 3. Nc3 d5 4. Bg5 Be7 5. e3 O-O 6. Nf3 h6 7. Bh4 Ne4 8. Bxe7
Qxe7 9. Rc1 Nxc3 10. Rxc3 c6 11. Qc2 Nd7 12. a3 a5 13. Be2 dxc4 14. Bxc4 e5 15.
O-O exd4 16. exd4 Nf6 17. Re1 Qd6 18. h3 Nd5 19. Bxd5 Qxd5 20. Re5 Qd6 21. Qb3
a4 22. Qb6 Ra6 23. Qc5 Qxc5 24. dxc5 Rd8 25. Re7 Ra5 26. Ne5 f6 27. Nf7 Kf8 28.
Rc7 Rd7 29. Rxd7 Bxd7 30. Nd6 Ke7 31. f4 Be6 32. f5 Bd5 33. Nc8+ Kf7 34. Nb6 g6
35. g4 gxf5 36. gxf5 Ba2 37. Kf2 Bb1 38. Nc4 Ra8 39. Nd6+ Ke7 40. Re3+ Kf8 41.
Re6 Ra5 42. Rxf6+ Kg8 43. Rg6+ Kh7 44. Rg1 Ba2 45. Rc1 Kg7 46. Ke3 Kf6 47. Kf4
Bd5 48. Rc2 Ra8 49. Re2 Rg8 50. Re8 Rg2 51. Rf8+ Ke7 52. Rb8 Rf2+ 53. Ke5 Re2+
54. Kd4 Rd2+ 55. Ke3 Rh2 56. Kf4 Rf2+ 57. Kg3 Rg2+ 58. Kh4 Rc2 59. Rxb7+ Kf6 60.
Rh7 Rxc5 61. Rxh6+ Ke5 62. Nc8 Rc2 63. Ne7 Rxb2 64. Nxc6+ Bxc6 65. Rxc6 Ra2 66.
f6 Rxa3 67. Kg4 Ra1 68. Kg5 a3 69. f7 Rf1 70. Kg6 a2 71. Ra6 Rg1+ 72. Kh6 Rf1
73. Rxa2 Rxf7 74. h4 Rf1 75. h5 Kf6 76. Ra6+ Kf7 77. Rg6 Rf5 78. Rg7+ Kf8 79.
Ra7 Rf6+ 80. Kg5 Rf7 1/2-1/2

[Event "15th London Classic Open"]
[Site "London ENG"]
[Date "2025.11.30"]
[Round "6.18"]
[White "Banerjee, Supratit"]
[Black "Roberson, Peter T"]
[Result "1/2-1/2"]
[WhiteTitle "FM"]
[BlackTitle "IM"]
[WhiteElo "2323"]
[BlackElo "2447"]
[WhiteFideId "2410079"]
[BlackFideId "412384"]
[EventDate "2025.11.27"]

1. e4 c5 2. Nf3 d6 3. Bb5+ Nd7 4. d4 cxd4 5. Nxd4 Nf6 6. O-O a6 7. Bd3 Nc5 8.
Re1 e5 9. Nf3 b5 10. b4 Nxd3 11. Qxd3 Be7 12. a4 Bd7 13. Nc3 O-O 14. axb5 axb5
15. Rxa8 Qxa8 16. Bg5 Rc8 17. Bxf6 Bxf6 18. Nxb5 Bxb5 19. Qxb5 Rxc2 20. Qd3 Qc6
21. h3 g6 22. Rd1 Kg7 23. Nd2 Bd8 24. Nf1 Bb6 25. Ne3 Bxe3 26. Qxe3 Rc4 27. b5
Qxb5 28. Rxd6 Qb1+ 29. Kh2 Qxe4 30. Qxe4 Rxe4 31. g3 Rd4 32. Ra6 g5 33. Kg2 h5
34. Ra5 f6 35. Ra7+ Kg6 36. Ra8 e4 37. g4 h4 38. Ra7 Rd6 39. Re7 f5 40. Re5 fxg4
41. hxg4 Rd4 42. Kh3 Ra4 43. Re6+ Kg7 44. Re5 Kf6 45. Rf5+ Kg6 46. Re5 Ra3+ 47.
Kg2 Ra4 48. Kh3 Ra2 49. Kg2 Re2 50. Kf1 Rb2 51. Rxe4 h3 52. Kg1 h2+ 53. Kxh2
Rxf2+ 1/2-1/2

[Event "15th London Classic Open"]
[Site "London ENG"]
[Date "2025.11.30"]
[Round "6.19"]
[White "Harvey, Marcus R"]
[Black "Roe, Simon J"]
[Result "1/2-1/2"]
[WhiteTitle "IM"]
[WhiteElo "2438"]
[BlackElo "2172"]
[WhiteFideId "400092"]
[BlackFideId "401471"]
[EventDate "2025.11.27"]

1. c4 e6 2. Nf3 d5 3. e3 c5 4. cxd5 exd5 5. b3 Nf6 6. Bb2 Be7 7. Be2 Nc6 8. d4
O-O 9. O-O Bg4 10. Nbd2 Rc8 11. dxc5 Bxc5 12. Rc1 Bb6 13. a3 Qe7 14. h3 Bh5 15.
Nh4 Bxe2 16. Qxe2 Qe6 17. Qd3 Ne5 18. Qb1 Rxc1 19. Rxc1 Re8 20. Rd1 Ne4 21. Nxe4
dxe4 22. Qxe4 Qxb3 23. Rd2 Qc4 24. Qxb7 Nd3 25. Qd7 Rd8 26. Qe7 Qc8 27. Kh2 Re8
28. Qg5 Nxb2 29. Rxb2 Bd8 30. Qg3 Bc7 31. f4 Bb6 32. Re2 Qc5 33. a4 g6 34. Qf3
Rxe3 35. Rxe3 Qxe3 36. Qxe3 Bxe3 37. Kg3 f5 38. Kf3 Bc5 39. g4 Be7 40. g5 Kf7
41. Ng2 Ke6 42. h4 Bb4 43. Ke3 Kd5 44. h5 gxh5 45. Nh4 Ke6 46. Kf3 Be7 47. Kg3
Bc5 48. Kf3 1/2-1/2

[Event "15th London Classic Open"]
[Site "London ENG"]
[Date "2025.11.30"]
[Round "6.20"]
[White "Khoo-Thwe, Louis"]
[Black "Schmider, Niklas"]
[Result "0-1"]
[WhiteTitle "CM"]
[BlackTitle "IM"]
[WhiteElo "2225"]
[BlackElo "2423"]
[WhiteFideId "1538756"]
[BlackFideId "12993778"]
[EventDate "2025.11.27"]

1. e4 c5 2. Nf3 d6 3. Bb5+ Nd7 4. O-O a6 5. Bxd7+ Bxd7 6. c3 Nf6 7. Re1 e6 8. d4
Be7 9. dxc5 dxc5 10. e5 Nd5 11. c4 Nb4 12. a3 Nc6 13. Nc3 O-O 14. Bf4 h6 15. Bg3
Na5 16. Qe2 Bc6 17. Ne4 Bxe4 18. Qxe4 Qb6 19. Qc2 Rfd8 20. Rad1 Qb3 21. Qxb3
Nxb3 22. Kf1 g5 23. h3 Na5 24. Rxd8+ Rxd8 25. Rc1 Kg7 26. Ke2 Kg6 27. Rc3 b5 28.
cxb5 axb5 29. Ne1 c4 30. Nc2 Nb3 31. Ke1 Nc1 32. Nd4 Nd3+ 33. Rxd3 cxd3 34. Nxb5
Rb8 35. a4 Bb4+ 36. Kd1 Rc8 0-1

[Event "15th London Classic Open"]
[Site "London ENG"]
[Date "2025.11.30"]
[Round "6.21"]
[White "Tulchynskyi, Feliks"]
[Black "Abdulla, Murad"]
[Result "1-0"]
[WhiteTitle "IM"]
[BlackTitle "FM"]
[WhiteElo "2409"]
[BlackElo "2324"]
[WhiteFideId "34127895"]
[BlackFideId "2403757"]
[EventDate "2025.11.27"]

1. e4 c5 2. c3 d5 3. exd5 Qxd5 4. d4 Nc6 5. Nf3 Nf6 6. dxc5 Qxc5 7. Be3 Qa5 8.
Na3 Nd5 9. Bd4 e6 10. Nc4 Qc7 11. Nce5 f6 12. Nc4 Bd7 13. Qd2 Be7 14. O-O-O Nxd4
15. Nxd4 O-O-O 16. Ne3 Nxe3 17. Qxe3 Bc5 18. Qe4 Qb6 19. b4 Be7 20. Bc4 f5 21.
Qe3 Bf6 22. Rhe1 e5 23. Ne6 Qxe3+ 24. fxe3 Rde8 25. Nc5 Bc6 26. Be6+ Kc7 27.
Bxf5 e4 28. Ne6+ Kb6 29. Nd4 Bd5 30. Kb2 g6 31. Bg4 Be5 32. Nb5 Be6 33. Be2 Bxh2
34. a4 a6 35. Nd6 Re7 36. a5+ Kc7 37. Nxe4 Kb8 38. Bf3 Bc8 39. Nf6 Bg3 40. Re2
h5 41. Nd5 Ree8 42. Nf6 Re7 43. Ne4 Bc7 44. c4 h4 45. Ng5 Rhe8 46. e4 Bf4 47.
Rd5 Bf5 48. Rc2 Be6 49. Nxe6 Rxe6 50. Kb3 Rd6 51. Ka4 Rf6 52. Rc3 g5 53. Rd7 Bc7
54. Re3 Ref8 55. e5 Rf4 56. Bh5 Rxc4 57. e6 Rff4 58. Rb3 Rf5 59. Re3 Rb5 60. Ka3
Rbxb4 61. e7 Ra4+ 62. Kb3 Rab4+ 63. Ka2 Ra4+ 64. Ra3 Rc2+ 65. Kb1 1-0

[Event "15th London Classic Open"]
[Site "London ENG"]
[Date "2025.11.30"]
[Round "6.22"]
[White "Kanyamarala, Trisha"]
[Black "Efroimski, Marsel"]
[Result "1/2-1/2"]
[WhiteTitle "WIM"]
[BlackTitle "IM"]
[WhiteElo "2149"]
[BlackElo "2384"]
[WhiteFideId "45004722"]
[BlackFideId "2810964"]
[EventDate "2025.11.27"]

1. d4 e6 2. Nf3 c5 3. c4 cxd4 4. Nxd4 Nc6 5. Nc3 Nf6 6. Ndb5 d6 7. e4 a6 8. Nd4
Qc7 9. Be2 b6 10. Nxc6 Qxc6 11. Bf3 e5 1/2-1/2

[Event "15th London Classic Open"]
[Site "London ENG"]
[Date "2025.11.30"]
[Round "6.23"]
[White "Kalavannan, Koby"]
[Black "Magold, Filip"]
[Result "0-1"]
[WhiteTitle "FM"]
[BlackTitle "IM"]
[WhiteElo "2275"]
[BlackElo "2465"]
[WhiteFideId "425753"]
[BlackFideId "1254456"]
[EventDate "2025.11.27"]

1. c4 e5 2. g3 Nf6 3. Bg2 d5 4. cxd5 Nxd5 5. Nc3 Nb6 6. Nf3 Nc6 7. d3 Be7 8. a3
O-O 9. b4 Re8 10. O-O a5 11. b5 Nd4 12. Nxe5 Bf6 13. f4 Bxe5 14. fxe5 Rxe5 15.
a4 Bg4 16. Ra2 Qe7 17. Rf2 Re8 18. Bf1 f5 19. Bf4 Re6 20. Qc1 h6 21. e4 c5 22.
h3 Bf3 23. exf5 Re1 24. Qd2 Nd5 25. Kh2 Nxc3 26. Qxc3 Bd5 27. Bg2 Bxa2 28. Rxa2
Nxf5 29. Be4 Nd4 30. b6 Rxe4 31. dxe4 Qxe4 32. Rf2 Qc6 33. Bc7 Kh8 34. h4 h5 35.
Qd3 Qd5 36. Qf1 c4 37. Bf4 c3 38. Bg5 Kg8 39. Kh3 c2 40. Qd3 Re1 41. Rf1 Re2 42.
Rg1 Rh2+ 0-1

[Event "15th London Classic Open"]
[Site "London ENG"]
[Date "2025.11.30"]
[Round "6.24"]
[White "Wang, Hao(ZJ)"]
[Black "Gallana, Marco"]
[Result "1/2-1/2"]
[WhiteTitle "IM"]
[WhiteElo "2424"]
[BlackElo "2225"]
[WhiteFideId "8631859"]
[BlackFideId "824542"]
[EventDate "2025.11.27"]

1. e4 c5 2. Nf3 Nc6 3. Bb5 g6 4. O-O Bg7 5. c3 Nf6 6. d3 O-O 7. h3 d6 8. Re1 Ne5
9. Ba4 Rb8 10. Bc2 b5 11. a3 a5 12. Nbd2 Nfd7 13. d4 Nxf3+ 14. Nxf3 e5 15. dxe5
Nxe5 16. Nxe5 dxe5 17. Be3 Qc7 18. a4 Be6 19. b3 Rfd8 20. Qc1 c4 21. bxc4 Qxc4
22. axb5 Qxb5 23. Qa3 Qb2 24. Rec1 Qxa3 25. Rxa3 Rdc8 26. Bd1 Rb5 27. Rca1 Bf8
28. Rxa5 Rxa5 29. Rxa5 Rxc3 30. Bf3 Ra3 1/2-1/2

[Event "15th London Classic Open"]
[Site "London ENG"]
[Date "2025.11.30"]
[Round "6.25"]
[White "Li, Harry"]
[Black "Kanov, Nikola"]
[Result "0-1"]
[BlackTitle "IM"]
[WhiteElo "2206"]
[BlackElo "2418"]
[WhiteFideId "430145"]
[BlackFideId "2928531"]
[EventDate "2025.11.27"]

1. e4 c5 2. Nf3 e6 3. d4 cxd4 4. Nxd4 Nc6 5. Nc3 a6 6. Nxc6 bxc6 7. Bd3 d5 8.
O-O Nf6 9. Qf3 Be7 10. e5 Nd7 11. Qg3 g6 12. Bh6 Qc7 13. Na4 c5 14. c4 Qxe5 15.
Qxe5 Nxe5 16. Bg7 Nxd3 17. Bxh8 f6 18. cxd5 exd5 19. Nb6 Rb8 20. Nxd5 Be6 21.
Nxe7 Kxe7 22. Bg7 g5 23. f4 gxf4 24. b3 Rg8 25. Rad1 Ne5 26. Bh6 Bh3 27. Rf2 f3
28. g3 Rc8 29. Bf4 Ke6 30. Bxe5 fxe5 31. Rfd2 c4 32. Rc2 c3 33. Rd3 e4 34. Rcxc3
f2+ 35. Kxf2 Rf8+ 36. Ke3 exd3 37. Rxd3 Ke5 38. Rc3 Rc8 39. Rd3 Bf5 40. Rd2 Rc3+
41. Ke2 Bg4+ 42. Kf2 Ke4 43. b4 Ra3 44. Rb2 Be6 45. b5 axb5 46. Rxb5 Rxa2+ 47.
Kg1 Kf3 48. Rb1 Rg2+ 49. Kh1 Bd5 50. Rd1 Be4 51. Re1 Kf2 0-1

[Event "15th London Classic Open"]
[Site "London ENG"]
[Date "2025.11.30"]
[Round "6.26"]
[White "Bhagat Kush"]
[Black "Krishnan, Ritvik"]
[Result "0-1"]
[WhiteTitle "FM"]
[BlackTitle "FM"]
[WhiteElo "2381"]
[BlackElo "2265"]
[WhiteFideId "46672940"]
[BlackFideId "45055297"]
[EventDate "2025.11.27"]

1. e4 c5 2. Nf3 Nc6 3. Bb5 g6 4. Bxc6 dxc6 5. d3 Qc7 6. h3 e5 7. O-O Nf6 8. Nc3
Nh5 9. Be3 Be6 10. a3 b6 11. Na4 Rd8 12. Qd2 Bg7 13. Bh6 O-O 14. Bxg7 Kxg7 15.
b4 c4 16. Nb2 Nf4 17. Rfe1 f6 18. Re3 c5 19. Qc3 cxd3 20. Nxd3 Nxd3 21. Rxd3
Rxd3 22. Qxd3 Rd8 23. Qc3 c4 24. Kf1 Qc6 25. Nd2 Rd4 26. Ke2 f5 27. exf5 Bxf5
28. Nf3 Qe4+ 29. Kf1 Qxc2 30. Qxc2 Bxc2 31. Nxd4 exd4 32. Re1 Bd3+ 33. Kg1 c3
34. f3 Bb5 35. Kf2 d3 36. Ke3 d2 37. Rh1 Kf6 38. h4 Ba4 39. Ke2 Ke5 40. Rg1 Kd4
41. Rh1 Bb5+ 42. Kd1 Kd3 43. h5 c2# 0-1

[Event "15th London Classic Open"]
[Site "London ENG"]
[Date "2025.11.30"]
[Round "6.27"]
[White "Korshunov, Sergey And."]
[Black "Carroll, Peter"]
[Result "1-0"]
[WhiteTitle "FM"]
[BlackTitle "FM"]
[WhiteElo "2377"]
[BlackElo "2165"]
[WhiteFideId "34274715"]
[BlackFideId "2510243"]
[EventDate "2025.11.27"]

1. Nf3 d5 2. c4 e6 3. g3 Nf6 4. Bg2 dxc4 5. Na3 Be7 6. Nxc4 O-O 7. O-O c5 8. d4
b5 9. Nfe5 Nd5 10. Ne3 Bb7 11. dxc5 Bxc5 12. Nxd5 Bxd5 13. Bxd5 Qxd5 14. Qxd5
exd5 15. Rd1 Rd8 16. Bf4 f6 17. Nd3 Bb6 18. Nb4 d4 19. Rac1 Re8 20. Kf1 Nd7 21.
Nd5 Ne5 22. Nxb6 axb6 23. Rxd4 Rxa2 24. Bxe5 Rxe5 25. Rc7 h5 26. Rdd7 Rg5 27. f4
Rg4 28. Rc2 h4 29. Kf2 h3 30. Kf3 Rg6 31. Rc8+ Kh7 32. Rdd8 Rh6 33. f5 g6 34.
Rd7# 1-0

[Event "15th London Classic Open"]
[Site "London ENG"]
[Date "2025.11.30"]
[Round "6.28"]
[White "Itkin, David"]
[Black "Flear, Glenn C"]
[Result "0-1"]
[BlackTitle "GM"]
[WhiteElo "2272"]
[BlackElo "2376"]
[WhiteFideId "2611813"]
[BlackFideId "400165"]
[EventDate "2025.11.27"]

1. e4 e5 2. Nf3 Nc6 3. Nc3 Nf6 4. Be2 d5 5. exd5 Nxd5 6. O-O Nxc3 7. bxc3 Bd6 8.
d4 O-O 9. Rb1 h6 10. d5 Ne7 11. c4 Ng6 12. Bb2 b6 13. Re1 f5 14. Bf1 Re8 15. Bc3
Bd7 16. Qd2 c5 17. dxc6 Bxc6 18. Rbd1 Bxf3 19. gxf3 Bc5 20. Qd5+ Kh7 21. Qxd8
Raxd8 22. Rd5 Nh4 23. Bg2 Bd4 24. Bxd4 exd4 25. Rd1 Rc8 26. R5xd4 Nxg2 27. Kxg2
Re2 28. Rc1 Rc5 29. Kf1 Re7 30. Rb1 Ra5 31. Rb2 Ra3 32. Rd5 Rxf3 33. c5 bxc5 34.
Rxc5 Rf4 35. c4 Kg6 36. Rc2 Rfe4 37. Ra5 Rc7 38. c5 Kf6 39. Kg2 g5 40. c6 Re6
41. Rcc5 Rexc6 42. Rxc6+ Rxc6 43. Rxa7 g4 44. a4 Kg5 45. a5 Rc3 46. a6 Ra3 47.
Rg7+ Kf6 48. Ra7 h5 49. Ra8 h4 50. h3 gxh3+ 51. Kh2 Kg5 52. a7 Kf4 53. f3 Ra1
54. Kxh3 Ra2 55. Rf8 Rxa7 56. Rf6 Re7 57. Kg2 Rg7+ 58. Kh3 Rd7 59. Kg2 Rd5 60.
Rf8 h3+ 61. Kxh3 Kxf3 62. Rf7 f4 63. Kh4 Rd8 64. Kg5 Kg3 65. Kf5 f3 66. Ke4 Re8+
67. Kd3 f2 68. Rg7+ Kh2 69. Rf7 Kg2 70. Rg7+ Kf1 71. Ra7 Rg8 72. Rf7 Kg2 73. Ke2
Re8+ 0-1

[Event "15th London Classic Open"]
[Site "London ENG"]
[Date "2025.11.30"]
[Round "6.29"]
[White "Rushbrooke, Remy"]
[Black "Hebden, Mark L"]
[Result "0-1"]
[BlackTitle "GM"]
[WhiteElo "2119"]
[BlackElo "2355"]
[WhiteFideId "443590"]
[BlackFideId "400084"]
[EventDate "2025.11.27"]

1. d4 Nf6 2. Nf3 g6 3. Bg5 Bg7 4. Nbd2 O-O 5. e4 d5 6. e5 Ne4 7. Bf4 c5 8. Bd3
Nxd2 9. Qxd2 Bg4 10. h4 Bxf3 11. gxf3 Nc6 12. dxc5 Nxe5 13. Bxe5 Bxe5 14. h5 e6
15. hxg6 fxg6 16. Qh6 Rf7 17. Ke2 Qf6 18. Qh3 Raf8 19. f4 Qxf4 20. Qxe6 Qxf2+
21. Kd1 Bxb2 22. Rf1 Qg2 23. Rb1 Bc3 24. Be2 Qg5 0-1

[Event "15th London Classic Open"]
[Site "London ENG"]
[Date "2025.11.30"]
[Round "6.30"]
[White "Li, Guohao"]
[Black "Hanache, Kai"]
[Result "1-0"]
[WhiteElo "2348"]
[BlackElo "2122"]
[WhiteFideId "8619999"]
[BlackFideId "490105"]
[EventDate "2025.11.27"]

1. e4 c5 2. Nf3 d6 3. Bb5+ Bd7 4. c4 Nf6 5. Nc3 e6 6. O-O a6 7. Bxd7+ Nbxd7 8.
d4 cxd4 9. Qxd4 Be7 10. h3 O-O 11. b3 Qc7 12. Bb2 Ne5 13. Nd2 Nc6 14. Qe3 Rfd8
15. Qf3 Qa5 16. a3 Qg5 17. Rad1 Rac8 18. Qe2 Nh5 19. Nf3 Qg6 20. Qe3 Ne5 21. Nd4
Nc6 22. Nde2 Nf6 23. f4 Ne8 24. Rf3 Bf6 25. Qb6 Rd7 26. Rg3 Qh5 27. e5 Be7 28.
Rgd3 Rcd8 29. Qe3 Nb8 30. Ng3 Qg6 31. Nce4 h5 32. exd6 Nxd6 33. Qf3 Nxe4 34.
Nxe4 Qf5 35. Rxd7 Rxd7 36. Re1 Nc6 37. b4 Bd8 38. Qg3 f6 39. Kh1 Kf7 40. Nc5 Re7
41. Qf3 Nb8 42. Nxb7 Bc7 43. Bc1 Qg6 44. Nc5 h4 45. Ne4 Rd7 46. c5 Qf5 47. a4
Qd5 48. b5 Kg8 49. Be3 Qb3 50. b6 Bd8 51. a5 Qb5 52. Ra1 Qb2 53. Rd1 Qb5 54.
Rxd7 Nxd7 55. c6 f5 56. c7 Bxc7 57. bxc7 Qc4 58. Nc5 1-0

[Event "15th London Classic Open"]
[Site "London ENG"]
[Date "2025.11.30"]
[Round "6.31"]
[White "Laurent, Julien G."]
[Black "Negrean, Andrei"]
[Result "0-1"]
[WhiteTitle "FM"]
[BlackTitle "FM"]
[WhiteElo "2189"]
[BlackElo "2334"]
[WhiteFideId "618500"]
[BlackFideId "1291513"]
[EventDate "2025.11.27"]

1. Nf3 c5 2. c4 Nf6 3. Nc3 e6 4. g3 b6 5. Bg2 Bb7 6. O-O d6 7. Re1 Be7 8. e4 a6
9. d4 cxd4 10. Nxd4 Qc7 11. Be3 Nbd7 12. Rc1 Rc8 13. f4 O-O 14. g4 Nc5 15. Bf2
g6 16. f5 h5 17. g5 Ng4 18. f6 Nxf2 19. Kxf2 Bd8 20. Kg1 Nd7 21. Qd2 Qb8 22. Bh3
Ne5 23. b3 b5 24. cxb5 axb5 25. Kg2 b4 26. Nd1 Rxc1 27. Qxc1 Nd3 28. Qd2 Nxe1+
29. Qxe1 Qa7 0-1

[Event "15th London Classic Open"]
[Site "London ENG"]
[Date "2025.11.30"]
[Round "6.32"]
[White "Han, Qixiang"]
[Black "Koster, Ramon"]
[Result "1-0"]
[BlackTitle "FM"]
[WhiteElo "2104"]
[BlackElo "2302"]
[WhiteFideId "496952"]
[BlackFideId "1008544"]
[EventDate "2025.11.27"]

1. d4 d5 2. c4 c6 3. Nf3 Nf6 4. Nc3 dxc4 5. a4 Bf5 6. e3 e6 7. Bxc4 Bb4 8. O-O
O-O 9. Qe2 Bg6 10. Bd3 Bxd3 11. Qxd3 Nbd7 12. Rd1 Qa5 13. e4 e5 14. Be3 Rad8 15.
Qc2 Rfe8 16. d5 Rc8 17. Qb3 Bxc3 18. bxc3 cxd5 19. exd5 e4 20. Nd4 Nb6 21. Nb5
Nbxd5 22. Bd4 e3 23. fxe3 Nxe3 24. Nd6 Nxd1 25. Qxf7+ Kh8 26. Nxe8 Rxe8 27. Rxd1
Qh5 28. Qxh5 Nxh5 29. Bxa7 Nf4 30. Rd7 h5 31. Bd4 Ne2+ 32. Kf2 Nxd4 33. Rxd4 Rc8
34. c4 Rc5 35. Ke3 Ra5 36. Rd5 Rxa4 37. Rxh5+ Kg8 38. Kd4 Ra2 39. Rg5 Kf7 40. h4
Kf6 41. g3 Ra3 42. Kc5 Rb3 43. Kd6 Rb6+ 44. Kc5 Rb3 45. g4 g6 46. Rd5 b6+ 47.
Kc6 Rb4 48. Rd6+ Kf7 49. Rd4 Rb1 50. Rd7+ Ke6 51. Rd6+ Kf7 52. Kb7 Rb4 53. Rc6
Kg7 54. g5 Kf7 55. Kc8 Rb1 56. Kc7 Rb4 57. Kd6 b5 58. Rc7+ Ke8 59. c5 Rxh4 60.
Ke6 Re4+ 61. Kf6 b4 62. Rb7 Rc4 63. Kxg6 Rxc5 64. Rxb4 Kf8 65. Rb8+ Ke7 66. Kh6
Rc1 67. g6 Rh1+ 68. Kg7 Rg1 69. Rb2 Ke8 70. Re2+ Kd7 71. Kf7 Rf1+ 72. Kg8 Rh1
73. g7 Rh3 74. Re4 Rh1 75. Rf4 Ke7 76. Rf7+ Ke8 77. Rf4 Ke7 78. Re4+ Kd7 79. Kf7
Rf1+ 80. Kg6 Rg1+ 81. Kf6 Kd6 82. Re6+ Kd7 83. Re5 1-0

[Event "15th London Classic Open"]
[Site "London ENG"]
[Date "2025.11.30"]
[Round "6.33"]
[White "Vijayakumar, Rishi"]
[Black "Hryshchenko, Kamila"]
[Result "1-0"]
[WhiteTitle "FM"]
[BlackTitle "WFM"]
[WhiteElo "2300"]
[BlackElo "2066"]
[WhiteFideId "2408953"]
[BlackFideId "14147491"]
[EventDate "2025.11.27"]

1. d4 d6 2. Nf3 g6 3. g3 Bg7 4. Bg2 Nf6 5. c4 O-O 6. Nc3 Nbd7 7. O-O e5 8. e4 b6
9. Re1 Bb7 10. h3 h6 11. dxe5 dxe5 12. Qc2 Qe7 13. Be3 c6 14. Nd2 Rfd8 15. Nb3
Nf8 16. c5 N6d7 17. Na4 b5 18. Na5 Rab8 19. Nc3 Nxc5 20. Nd5 cxd5 21. Bxc5 Qc7
22. Nxb7 Qxb7 23. exd5 Rbc8 24. b4 Nd7 25. Rac1 Nb6 26. Red1 Nc4 27. a4 Nd6 28.
axb5 Qxb5 29. Qa2 Ra8 30. Bf1 Qd7 31. Qa6 Bf8 32. Re1 Qf5 33. Bg2 h5 34. Qe2 Re8
35. Ra1 e4 36. Ra6 Rad8 37. Rd1 Re5 38. g4 hxg4 39. hxg4 Qg5 40. Be3 Qh4 41. Bf4
Ree8 42. Rxa7 Rc8 43. Ra6 Qf6 44. Be3 Qe5 45. Rc6 Rb8 46. Qd2 Qe7 47. Bc5 Qe5
48. Be3 Qe7 49. Rdc1 Qd7 50. Bh3 Nb5 51. Rd1 Rbc8 52. Rdc1 Rcd8 53. Rb6 Qxd5 54.
Qxd5 Rxd5 55. Bf1 Nd4 56. Bc4 Nf3+ 57. Kg2 Rd6 58. Rb7 Ne5 59. Bb3 Rd7 60. Rxd7
Nxd7 61. Rc7 Ne5 62. b5 Bd6 63. Ra7 Rb8 64. b6 Kg7 65. g5 Kg8 66. Bd5 Kf8 67.
Bd4 Ke8 68. Bxe4 Kd8 69. Bd5 Nd7 70. Bxf7 Be5 71. Be6 Ke7 72. Bxe5 1-0

[Event "15th London Classic Open"]
[Site "London ENG"]
[Date "2025.11.30"]
[Round "6.34"]
[White "Hill, Alistair"]
[Black "Sammed Jaykumar, Shete"]
[Result "0-1"]
[BlackTitle "IM"]
[WhiteElo "2087"]
[BlackElo "2377"]
[WhiteFideId "432407"]
[BlackFideId "5073421"]
[EventDate "2025.11.27"]

1. c4 e5 2. Nc3 Nf6 3. Nf3 Nc6 4. g3 Bb4 5. Nd5 a5 6. a3 Bc5 7. d3 h6 8. Bg2 d6
9. O-O O-O 10. Bd2 Nxd5 11. cxd5 Ne7 12. Qb3 a4 13. Qc4 b6 14. Bc3 Bb7 15. Nd2
Ra7 16. b4 axb3 17. Nxb3 Qa8 18. Nxc5 bxc5 19. e4 Ba6 20. Qa2 Bxd3 21. Rfe1 Ra4
22. f4 f6 23. Qd2 Qa6 24. Rad1 Bb5 25. Bb2 Bd7 26. fxe5 fxe5 27. Rf1 Qc8 28.
Rxf8+ Qxf8 29. Rf1 Qe8 30. Bf3 Kh7 31. Qd1 Qb8 32. Bc1 Rd4 33. Qe1 Bh3 34. Rf2
Qb1 35. Rb2 Qa1 36. Rb7 Rd3 37. Kf2 Ng8 38. Rxc7 Qa2+ 39. Be2 Nf6 40. Kg1 Rc3
41. Bf1 Rxc1 42. Qxc1 Ng4 0-1

[Event "15th London Classic Open"]
[Site "London ENG"]
[Date "2025.11.30"]
[Round "6.35"]
[White "Dignam, Matthew"]
[Black "Otsuka, Shou"]
[Result "1/2-1/2"]
[WhiteTitle "CM"]
[BlackTitle "FM"]
[WhiteElo "2214"]
[BlackElo "2335"]
[WhiteFideId "2501422"]
[BlackFideId "7004702"]
[EventDate "2025.11.27"]

1. e4 e6 2. d4 d5 3. Nd2 c5 4. exd5 exd5 5. Ngf3 Nf6 6. Bb5+ Bd7 7. Qe2+ Be7 8.
dxc5 O-O 9. O-O Bxc5 10. Nb3 Re8 11. Qd3 Bb6 12. Bg5 Bxb5 13. Qxb5 Nc6 14. Rfe1
Qd6 15. Bxf6 Qxf6 16. c3 Qd6 1/2-1/2

[Event "15th London Classic Open"]
[Site "London ENG"]
[Date "2025.11.30"]
[Round "6.36"]
[White "Kudaibergen, Nurlykhan"]
[Black "Badacsonyi, Stanley"]
[Result "0-1"]
[BlackTitle "FM"]
[WhiteElo "2127"]
[BlackElo "2316"]
[WhiteFideId "13724665"]
[BlackFideId "486973"]
[EventDate "2025.11.27"]

1. e4 e6 2. d4 d5 3. Nc3 Nf6 4. Bg5 dxe4 5. Nxe4 Be7 6. Bxf6 gxf6 7. Qd2 b6 8.
Nf3 Bb7 9. Bb5+ Nd7 10. Qf4 c6 11. Bc4 Qb8 12. Qe3 Qc7 13. O-O-O O-O-O 14. Rhe1
h6 15. Nc3 Bd6 16. Kb1 f5 17. Bb3 Kb8 18. a3 b5 19. Ne2 c5 20. dxc5 Bxc5 21.
Ned4 a6 22. Qc3 Bxd4 23. Qxd4 Rhg8 24. Qh4 Nc5 25. Rxd8+ Qxd8 26. Qxh6 Rxg2 27.
Qh3 Nxb3 28. Qxg2 Nd2+ 29. Ka1 Nxf3 30. Rc1 Qc7 31. h3 Nd4 32. Qg8+ Ka7 33. Kb1
Be4 34. Qg1 Bxc2+ 0-1

[Event "15th London Classic Open"]
[Site "London ENG"]
[Date "2025.11.30"]
[Round "6.37"]
[White "Haydon, David L"]
[Black "Fellowes, Billy"]
[Result "1-0"]
[WhiteTitle "FM"]
[BlackTitle "CM"]
[WhiteElo "2284"]
[BlackElo "2184"]
[WhiteFideId "415405"]
[BlackFideId "483540"]
[EventDate "2025.11.27"]

1. Nf3 Nf6 2. c4 g6 3. Nc3 Bg7 4. g3 d6 5. Bg2 O-O 6. O-O e5 7. d4 Nbd7 8. e4
Re8 9. b3 exd4 10. Nxd4 Nc5 11. f3 a5 12. Be3 Bd7 13. Qd2 a4 14. b4 Na6 15. Rab1
Qe7 16. Bf2 Red8 17. Nc2 Qe8 18. Rfd1 Be6 19. Bf1 Nd7 20. Be2 Nab8 21. Nd5 Rc8
22. Nd4 Nc6 23. Nxe6 fxe6 24. Nc3 b6 25. Nb5 Kh8 26. a3 Qf8 27. Be3 Qe7 28. Kg2
e5 29. Qd5 Ndb8 30. c5 dxc5 31. bxc5 Rd8 32. Qc4 Nd4 33. cxb6 cxb6 34. Nxd4 exd4
35. Bxd4 Nd7 36. Bxg7+ Qxg7 37. Qd4 Qxd4 38. Rxd4 Nc5 39. Rbd1 Rdc8 40. Rb4 Rab8
41. Bc4 Rd8 42. Rxb6 Rxd1 43. Rxb8+ Kg7 44. Rb5 Nd7 45. Rd5 1-0